[Event "Belgrade-chT"]
[Site "Belgrade"]
[Date "2016.10.19"]
[Round "11.6"]
[White "Vasovic, Dejan"]
[Black "Krstic, Milos M"]
[Result "1-0"]
[WhiteElo "2204"]
[BlackElo "1971"]
[PlyCount "85"]
[EventDate "2016.10.08"]
[EventType "team-tourn"]
[EventRounds "13"]
[EventCountry "SRB"]
[SourceTitle "CBM 175 Extra"]
[Source "ChessBase"]
[SourceDate "2016.12.12"]
[SourceVersion "1"]
[SourceVersionDate "2016.12.12"]
[SourceQuality "1"]
[WhiteTeam "Grocka"]
[BlackTeam "Delfin"]
[WhiteTeamCountry "SRB"]
[BlackTeamCountry "SRB"]

1. d4 Nf6 2. c4 e6 3. Nc3 Bb4 4. f3 d5 5. a3 Bxc3+ 6. bxc3 c5 7. cxd5 exd5 8. e3 0-0 9. Bd3 Nc6 10. Ne2 Re8 11. 0-0 Qc7 12. Ng3 Ne7 13. Ra2 Be6 14. Re2 h5 15. Ree1 h4 16. Ne2 Qc6 17. g4 hxg3 18. Nxg3 Bh3 19. Rf2 Qd7 20. Bc2 Nc6 21. Qd3 c4 22. Qd2 Ne7 23. e4 dxe4 24. fxe4 Ng4 25. Rf3 Nh6 26. Qf2 Bg4 27. Bxh6 Bxf3 28. Qxf3 gxh6 29. Nh5 Qe6 30. Nf6+ Kh8 31. e5 Rg8+ 32. Kf2 Ng6 33. Qh5 Kg7 34. Rg1 Kf8 35. Bf5 Qc6 36. Qxh6+ Ke7 37. Bxg6 Rxg6 38. Rxg6 fxg6 39. Qg7+ Kd8 40. Qg8+ Kc7 41. Nd5+ Kd7 42. Qf7+ Kd8 43. e6 1-0

[Event "Belgrade-chT"]
[Site "Belgrade"]
[Date "2014.09.30"]
[Round "11.4"]
[White "Vasovic, Dejan"]
[Black "Tisma, Ivan"]
[Result "0-1"]
[WhiteElo "2201"]
[BlackElo "2178"]
[PlyCount "45"]
[EventDate "2014.09.20"]
[EventType "team-tourn"]
[EventRounds "11"]
[EventCountry "SRB"]
[SourceTitle "CBM 162 Extra"]
[Source "ChessBase"]
[SourceDate "2014.10.17"]
[SourceVersion "1"]
[SourceVersionDate "2014.10.17"]
[SourceQuality "1"]
[WhiteTeam "Grocka"]
[BlackTeam "Delfin"]
[WhiteTeamCountry "SRB"]
[BlackTeamCountry "SRB"]

1. e4 c5 2. Nc3 Nc6 3. f4 d6 4. Nf3 g6 5. Bb5 Bg7 6. 0-0 Bd7 7. d3 e6 8. f5 Nd4 9. Bg5 Qc7 10. fxe6 fxe6 11. a4 Nh6 12. e5 Nxb5 13. Nxb5 Bxb5 14. exd6 Qxd6 15. axb5 0-0 16. Qd2 Ng4 17. c3 Rf7 18. h3 Ne5 19. Nxe5 Rxf1+ 20. Rxf1 Bxe5 21. Bh6 Bg7 22. Qf4 Qxf4 23. Bxf4 0-1

[Event "Belgrade-chT"]
[Site "Belgrade"]
[Date "2014.09.21"]
[Round "2.3"]
[White "Vasovic, Dejan"]
[Black "Jandric, Damjan"]
[Result "1-0"]
[WhiteElo "2201"]
[BlackElo "2024"]
[PlyCount "81"]
[EventDate "2014.09.20"]
[EventType "team-tourn"]
[EventRounds "11"]
[EventCountry "SRB"]
[SourceTitle "CBM 162 Extra"]
[Source "ChessBase"]
[SourceDate "2014.10.17"]
[SourceVersion "1"]
[SourceVersionDate "2014.10.17"]
[SourceQuality "1"]
[WhiteTeam "Grocka"]
[BlackTeam "Belgrade Radnicki Rudovci"]
[WhiteTeamCountry "SRB"]
[BlackTeamCountry "SRB"]

1. e4 c5 2. Nc3 d6 3. f4 Nf6 4. Nf3 Nc6 5. Bc4 g6 6. 0-0 Bg7 7. d3 0-0 8. a4 e6 9. Bb3 d5 10. Qe2 b6 11. Bd2 Bb7 12. e5 Ne8 13. Qf2 f6 14. exf6 Qxf6 15. Rae1 Nc7 16. Nb5 Nxb5 17. axb5 Nd4 18. Bc3 Qxf4 19. Bxd4 Bxd4 20. Nxd4 Qxd4 21. Qxd4 Rxf1+ 22. Kxf1 cxd4 23. Rxe6 Kf7 24. Re5 Kf6 25. Re1 Rd8 26. Kf2 Bc8 27. Ra1 Rd7 28. Kg3 Kg5 29. Re1 Kf6 30. h4 Rc7 31. Kf4 h6 32. Re5 Be6 33. g4 Bxg4 34. Rxd5 Bd1 35. Rd6+ Ke7 36. Rxg6 Rc5 37. Rxh6 Bxc2 38. Bc4 Ba4 39. b4 Rc8 40. Ke5 Rf8 41. Rh7+ 1-0

[Event "Belgrade-chT"]
[Site "Belgrade"]
[Date "2013.10.12"]
[Round "1.3"]
[White "Vasovic, Dejan"]
[Black "Milicevic, Aleksa"]
[Result "0-1"]
[WhiteElo "2204"]
[BlackElo "2192"]
[PlyCount "108"]
[EventDate "2013.10.12"]
[EventType "team-tourn"]
[EventRounds "11"]
[EventCountry "SRB"]
[SourceTitle "EXT 2014"]
[Source "ChessBase"]
[SourceDate "2013.11.20"]
[SourceVersion "1"]
[SourceVersionDate "2013.11.20"]
[SourceQuality "1"]
[WhiteTeam "Grocka"]
[BlackTeam "Post Stedionica"]
[WhiteTeamCountry "SRB"]
[BlackTeamCountry "SRB"]

1. e4 d6 2. d4 Nf6 3. Nc3 g6 4. Nf3 Bg7 5. Be3 c5 6. dxc5 Qa5 7. Bd3 dxc5 8. e5 Ng4 9. Bb5+ Nc6 10. Bxc5 0-0 11. 0-0 a6 12. Bxc6 Qxc5 13. Bd5 Nxe5 14. Ng5 Bg4 15. Nge4 Qb6 16. Qc1 Rad8 17. Bb3 Be6 18. Qg5 Bxb3 19. axb3 Nc6 20. Nd5 Qd4 21. Nec3 e6 22. Rad1 Qe5 23. Qxe5 Bxe5 24. Ne3 Nb4 25. Rxd8 Rxd8 26. Rd1 Rxd1+ 27. Ncxd1 Kf8 28. Kf1 Ke7 29. g3 h5 30. Ke2 Bc7 31. c3 Nc6 32. Nc4 b5 33. Nd2 Ne5 34. Ne3 Bb6 35. h4 Nc6 36. Ne4 Ne5 37. Nd2 Nc6 38. Ne4 Na5 39. Nd2 Nb7 40. Ne4 f5 41. Nd2 Kd6 42. Ng2 e5 43. Ne1 Nd8 44. b4 Ne6 45. c4 Nd4+ 46. Kf1 Bd8 47. c5+ Kd5 48. Nd3 Bc7 49. Kg2 Nc6 50. Kf1 e4 51. Nf4+ Bxf4 52. gxf4 Nxb4 53. Ke2 Nd3 54. b3 Nxf4+ 0-1

[Event "Belgrade tt Cup"]
[Site "Belgrade"]
[Date "2003.04.06"]
[Round "3"]
[White "Vlahovic, Svetozar"]
[Black "Vasovic, Dejan"]
[Result "1-0"]
[WhiteElo "2182"]
[BlackElo "2221"]
[PlyCount "69"]
[EventDate "2003.04.04"]
[EventType "team"]
[EventRounds "5"]
[EventCountry "YUG"]
[SourceTitle "CBM 093 Extra"]
[Source "ChessBase"]
[SourceDate "2003.05.09"]
[SourceVersion "1"]
[SourceVersionDate "2003.05.09"]
[SourceQuality "1"]

1. e4 e5 2. Nf3 Nc6 3. c3 Nf6 4. d4 Nxe4 5. Bd3 d5 6. dxe5 Bg4 7. Bf4 Bc5 8. 0-0 0-0 9. Nbd2 Nxd2 10. Qxd2 Bxf3 11. gxf3 Qh4 12. Bg3 Qh5 13. f4 Ne7 14. Qd1 Qh3 15. Qf3 f5 16. Rfe1 c6 17. Bf1 Qh6 18. b4 Bb6 19. a4 a6 20. c4 a5 21. b5 d4 22. h4 Bc5 23. Rab1 Qe6 24. h5 Rf7 25. Bd3 Nc8 26. Rec1 Kf8 27. Kg2 Rd7 28. Qd1 Be7 29. c5 g5 30. fxg5 Bxg5 31. f4 Bh6 32. Bc4 Qe8 33. e6 Rg7 34. Qxd4 Ne7 35. Qf6+ 1-0